| 000 | 01741cam a2200265 4500 | ||
|---|---|---|---|
| 001 | 4513 | ||
| 010 | _a9896020965 | ||
| 021 | _b 247933/06 | ||
| 090 | _a4513 | ||
| 100 | _a20211231d2006 m y0pory5003 ba | ||
| 200 | 1 |
_aCensurados...até morrer! _fAugusto Figueira, Renato Conteiro _gpref. Henrique Amaro |
|
| 210 |
_aLisboa _cSetecaminhos _d2006 |
||
| 215 |
_a225 p., [16] p. fot. _cil. |
||
| 330 | _aMítica banda punk do início dos anos 90, os Censurados merecem um lugar de destaque na música moderna portuguesa. Com músicas fortes e letras corrosivas de algum pendor interventivo, aqueles que um dia foram apelidados de operários do rock foram porta-vozes de uma geração, deixando marcas profundas na juventude urbana inconformada que os ouvia. Em quatro anos, os quatro rapazes de Alvalade gravaram três discos e deram inúmeros concertos por esse país fora, momentos memoráveis em que banda e público se fundiam num só. Com prefácio de Henrique Amaro, “Censurados… até morrer!” conta a história desses anos intensos desde os primeiros ensaios no quarto do Ribas até à conquista do estádio de Alvalade, através de dezenas de fotos inéditas e dos testemunhos directos dos intervenientes, bem como daqueles que privaram com eles, numa escrita leve, fluida e… sem censuras. “Seremos Censurados nesta vida até morrer!!!!” | ||
| 601 | _aCensurados | ||
| 606 |
_94375 _aMundo das Artes _xMúsica |
||
| 675 |
_a78.07Censurados _vBN _zpor |
||
| 675 |
_a929Censurados _vBN _zpor |
||
| 675 |
_a785"19" _vBN _zpor |
||
| 700 |
_aFigueira _bAugusto _f1973- _94377 |
||
| 701 |
_aConteiro _bRenato _f1977- _94378 |
||
| 702 |
_aAmaro _bHenrique _94379 |
||
| 801 | 0 |
_aPT _bBMVN _gRPC |
|
| 830 |
_cTânia Croca _d31/12/2021 |
||
| 990 | _cLIVROS | ||